[Event "FIDE World Cup"]
[Site "Baku"]
[Date "2023.07.30"]
[Round "1.1"]
[White "Salem, AR Saleh"]
[Black "Abera, Aydagnuhem Gezachew"]
[Result "1-0"]
[WhiteElo "2661"]
[BlackElo "2121"]
[PlyCount "100"]
[EventDate "2023.07.30"]
[EventType "k.o."]
[EventRounds "8"]
[EventCountry "AZE"]
[SourceTitle "EXT 2024"]
[Source "ChessBase"]
[SourceDate "2023.10.10"]
[SourceVersion "1"]
[SourceVersionDate "2023.10.10"]
[SourceQuality "1"]

1. d4 d5 2. c4 e6 3. Nf3 Nf6 4. g3 c5 5. cxd5 exd5 6. Bg2 Nc6 7. 0-0 Bg4 8. Ne5 Be6 9. Nxc6 bxc6 10. dxc5 Bxc5 11. Qc2 Qb6 12. Nc3 Be7 13. Be3 Qa6 14. Na4 Nd7 15. Rac1 Rc8 16. Nc5 Nxc5 17. Bxc5 Bxc5 18. Qxc5 Qb6 19. b4 Qxc5 20. Rxc5 Kd7 21. Rfc1 Kd6 22. a3 Rc7 23. e3 Rb8 24. Bf1 Rb6 25. Bd3 h6 26. e4 f6 27. f3 g5 28. Kf2 Rf7 29. Ra5 Rc7 30. Ke3 Bg8 31. Rac5 Re7 32. Kd4 Bh7 33. exd5 Bxd3 34. Rxc6+ Kd7 35. Kxd3 Re5 36. Kd4 Rf5 37. Rc7+ Kd6 38. R1c6+ Rxc6 39. Rxc6+ Kd7 40. Ra6 Rxf3 41. Rxa7+ Kc8 42. a4 h5 43. Rh7 h4 44. gxh4 Rh3 45. Rh6 Rxh2 46. hxg5 Rd2+ 47. Kc3 Rxd5 48. gxf6 Rf5 49. a5 Kb7 50. Kd4 Rf4+ 1-0

[Event "Olympiad-44"]
[Site "Chennai"]
[Date "2022.08.02"]
[Round "5.2"]
[White "Tissir, Mohamed"]
[Black "Abera, Aydagnuhem Gezachew"]
[Result "1-0"]
[WhiteElo "2366"]
[BlackElo "2137"]
[PlyCount "93"]
[EventDate "2022.07.29"]
[EventType "team-swiss"]
[EventRounds "11"]
[EventCountry "IND"]
[SourceTitle "CBM 210"]
[Source "ChessBase"]
[SourceDate "2022.10.31"]
[SourceVersion "1"]
[SourceVersionDate "2022.10.31"]
[SourceQuality "1"]
[WhiteTeam "Morocco"]
[BlackTeam "Ethiopia"]
[WhiteTeamCountry "MAR"]
[BlackTeamCountry "ETH"]

1. e4 e5 2. Nf3 Nc6 3. Bc4 Be7 4. 0-0 Nf6 5. d3 0-0 6. Re1 d6 7. a4 a5 8. c3 Be6 9. Na3 Bxc4 10. Nxc4 Qd7 11. Bg5 Kh8 12. d4 exd4 13. cxd4 Ng8 14. Bd2 d5 15. Nce5 Qd6 16. Bf4 Nxe5 17. dxe5 Qb4 18. Qxd5 Rad8 19. Qb5 c6 20. Qxb4 Bxb4 21. Red1 Ne7 22. h4 h6 23. Kf1 Rfe8 24. h5 Nc8 25. Ke2 Nb6 26. Rxd8 Rxd8 27. e6 Re8 28. Bc7 Nc4 29. exf7 Rf8 30. Ne5 Nxe5 31. Bxe5 Rxf7 32. Rd1 b5 33. axb5 cxb5 34. Rd8+ Rf8 35. Rd7 Re8 36. Bxg7+ Kg8 37. Kd3 Re6 38. Bd4 Rd6 39. Rc7 a4 40. e5 Rd8 41. Ke4 Ba5 42. Rb7 b4 43. e6 b3 44. Rg7+ Kh8 45. Ra7+ Rxd4+ 46. Kxd4 a3 47. e7 1-0

[Event "Olympiad-44"]
[Site "Chennai"]
[Date "2022.07.29"]
[Round "1.2"]
[White "Brkic, Ante"]
[Black "Abera, Aydagnuhem Gezachew"]
[Result "1-0"]
[WhiteElo "2611"]
[BlackElo "2137"]
[PlyCount "47"]
[EventDate "2022.07.29"]
[EventType "team-swiss"]
[EventRounds "11"]
[EventCountry "IND"]
[SourceTitle "CBM 210"]
[Source "ChessBase"]
[SourceDate "2022.10.31"]
[SourceVersion "1"]
[SourceVersionDate "2022.10.31"]
[SourceQuality "1"]
[WhiteTeam "Croatia"]
[BlackTeam "Ethiopia"]
[WhiteTeamCountry "CRO"]
[BlackTeamCountry "ETH"]

1. e4 e5 2. Nf3 Nc6 3. Bb5 Nf6 4. 0-0 Nxe4 5. Re1 Nd6 6. a4 Be7 7. Nc3 0-0 8. d4 Nxd4 9. Nxd4 exd4 10. Nd5 Bf6 11. Bd3 c6 12. Qh5 g6 13. Nxf6+ Qxf6 14. Qh6 Nf5 15. Bxf5 d5 16. Qxf8+ Kxf8 17. Bh6+ Qg7 18. Bxg7+ Kxg7 19. Bxc8 Rxc8 20. Re7 Rb8 21. Rd1 b5 22. a5 c5 23. Rxa7 Re8 24. Kf1 1-0

[Event "Addis Ababa zt 4.4"]
[Site "Addis Ababa"]
[Date "2022.05.03"]
[Round "2"]
[White "Abera, Aydagnuhem Gezachew"]
[Black "Adam Bouni, Abdi Rahim"]
[Result "1-0"]
[WhiteElo "2097"]
[BlackElo "1322"]
[PlyCount "103"]
[EventDate "2022.05.02"]
[EventType "swiss"]
[EventRounds "9"]
[EventCountry "ETH"]
[SourceTitle "CBM 208 Extra"]
[Source "ChessBase"]
[SourceDate "2022.07.31"]
[SourceVersion "1"]
[SourceVersionDate "2022.07.31"]
[SourceQuality "1"]

1. e4 e6 2. d4 c6 3. Nf3 d5 4. Nc3 Bb4 5. Bd3 dxe4 6. Bxe4 f5 7. Bd3 Nf6 8. 0-0 0-0 9. Bf4 Bd6 10. Qd2 Nd5 11. Be5 h6 12. Rfe1 Re8 13. Nxd5 cxd5 14. Bxd6 Qxd6 15. Bxf5 Rf8 16. Bd3 Nd7 17. Ne5 Nf6 18. Re3 Ne8 19. Rg3 Rf6 20. Ng4 Kf8 21. Nxf6 Nxf6 22. Re1 Bd7 23. a3 Kg8 24. Re5 Kf8 25. Bg6 Rc8 26. Rc3 Rd8 27. Rf3 Kg8 28. h3 a6 29. g4 Ne4 30. Qb4 Qxb4 31. axb4 Ng5 32. Rfe3 Rf8 33. Kg2 Rf4 34. c3 Ne4 35. Bxe4 dxe4 36. Kg3 g5 37. h4 Rf8 38. hxg5 hxg5 39. R3xe4 Kg7 40. Rxg5+ Kh6 41. f4 Rf6 42. Re2 Kh7 43. Rh2+ Rh6 44. Rxh6+ Kxh6 45. d5 exd5 46. Rxd5 Bc6 47. Rd6+ Kg7 48. f5 Kf7 49. Kf4 Ke7 50. Rxc6 bxc6 51. Ke5 Kf7 52. g5 1-0

[Event "Online Olym Div4 C"]
[Site "Chess.com INT"]
[Date "2020.08.01"]
[Round "6.5"]
[White "Abera, Aydagnuhem Gezachew"]
[Black "Sabar, Ethmane Daouda"]
[Result "1-0"]
[WhiteElo "2055"]
[BlackElo "2040"]
[PlyCount "109"]
[EventDate "2020.07.31"]
[EventType "team-tourn (rapid)"]
[EventRounds "9"]
[EventCountry "USA"]
[SourceTitle "CBM 198"]
[Source "ChessBase"]
[SourceDate "2020.10.31"]
[SourceVersion "1"]
[SourceVersionDate "2020.10.31"]
[SourceQuality "1"]
[WhiteTeam "Ethiopia"]
[BlackTeam "Mauritania"]
[WhiteTeamCountry "ETH"]
[BlackTeamCountry "MAU"]

1. c4 Nf6 2. d4 e6 3. Nc3 d5 4. cxd5 exd5 5. Nf3 Bd6 6. Bg5 c6 7. e3 0-0 8. Bd3 Nbd7 9. Rc1 Re8 10. 0-0 h6 11. Bh4 Nf8 12. Bb1 Ng6 13. Bg3 Bxg3 14. hxg3 Ne4 15. Nd2 f5 16. Ne2 Qe7 17. Nf4 Nf8 18. Nf3 g5 19. Nd3 Nd7 20. Nfe5 Nxe5 21. Nxe5 g4 22. Bxe4 dxe4 23. f3 gxf3 24. gxf3 Qg5 25. Kf2 Be6 26. f4 Qf6 27. b3 Kh7 28. Qh5 Rg8 29. Rh1 Rg7 30. Rh3 Rh8 31. Qxh6+ Qxh6 32. Rxh6+ Kg8 33. Rch1 Rgh7 34. Rxh7 Rxh7 35. Rxh7 Kxh7 36. Kg2 a5 37. Kh3 a4 38. bxa4 Bxa2 39. a5 Kg7 40. Nd7 Be6 41. Ne5 Kf6 42. Kh4 Ke7 43. Kg5 Kd6 44. g4 fxg4 45. Nxg4 c5 46. dxc5+ Kxc5 47. f5 Ba2 48. Kf4 Kb5 49. f6 Kxa5 50. Kxe4 b5 51. Kd4 b4 52. Ne5 Ka4 53. Nc4 Bxc4 54. Kxc4 b3 55. f7 1-0

[Event "Online Olym Div4 C"]
[Site "Chess.com INT"]
[Date "2020.07.31"]
[Round "3.3"]
[White "Al Ansi, Amin Hassan"]
[Black "Abera, Aydagnuhem Gezachew"]
[Result "0-1"]
[WhiteElo "1816"]
[BlackElo "2055"]
[PlyCount "40"]
[EventDate "2020.07.31"]
[EventType "team-tourn (rapid)"]
[EventRounds "9"]
[EventCountry "USA"]
[SourceTitle "CBM 198"]
[Source "ChessBase"]
[SourceDate "2020.10.31"]
[SourceVersion "1"]
[SourceVersionDate "2020.10.31"]
[SourceQuality "1"]
[WhiteTeam "Oman"]
[BlackTeam "Ethiopia"]
[WhiteTeamCountry "OMN"]
[BlackTeamCountry "ETH"]

1. e4 e5 2. Nf3 Nc6 3. Bb5 Nf6 4. 0-0 d6 5. Re1 Be7 6. d4 exd4 7. e5 dxe5 8. Nxe5 Bd7 9. Nxd7 Qxd7 10. Qe2 0-0 11. Bxc6 Qxc6 12. Bg5 Rfe8 13. Nd2 Nd5 14. Bxe7 Rxe7 15. Qf3 Rae8 16. Rxe7 Rxe7 17. Nb3 Nb4 18. Qg4 Nxc2 19. Nxd4 Nxa1 20. Qc8+ Qe8 0-1

[Event "Africa-ch U2300 op"]
[Site "Windhoek"]
[Date "2018.12.31"]
[Round "1.5"]
[White "Abera, Aydagnuhem Gezachew"]
[Black "Machobane, Moemedi"]
[Result "0-1"]
[WhiteElo "2103"]
[BlackElo "1892"]
[PlyCount "71"]
[EventDate "2018.12.31"]
[EventType "swiss"]
[EventRounds "9"]
[EventCountry "NAM"]
[SourceTitle "EXT 2024"]
[Source "ChessBase"]
[SourceDate "2023.10.10"]
[SourceVersion "1"]
[SourceVersionDate "2023.10.10"]
[SourceQuality "1"]

1. d4 d5 2. c4 c6 3. Nf3 Nf6 4. Nc3 e6 5. e3 Nbd7 6. Be2 Be7 7. 0-0 0-0 8. Bd2 dxc4 9. Bxc4 b5 10. Bd3 a6 11. Rc1 c5 12. dxc5 Nxc5 13. Bb1 Bb7 14. Qe2 b4 15. Nd1 a5 16. Ne5 Qd5 17. f4 Ba6 18. Nc4 Rad8 19. Be1 Bxc4 20. Rxc4 Qxd1 21. Qc2 Qxc2 22. Bxc2 Nd5 23. Rf3 Nb6 24. Rd4 Rxd4 25. exd4 Ncd7 26. f5 Bf6 27. Rd3 Rc8 28. Bb3 Nc4 29. fxe6 fxe6 30. a3 Ncb6 31. axb4 a4 32. Ba2 Nd5 33. Bc3 a3 34. bxa3 Nxc3 35. Bb3 Bxd4+ 36. Kf1 0-1

[Event "Olympiad-43"]
[Site "Batumi"]
[Date "2018.10.04"]
[Round "10.4"]
[White "Corlette, Glenford"]
[Black "Abera, Aydagnuhem Gezachew"]
[Result "1-0"]
[WhiteElo "1653"]
[BlackElo "2116"]
[PlyCount "95"]
[EventDate "2018.09.24"]
[EventType "team-swiss"]
[EventRounds "11"]
[EventCountry "GEO"]
[SourceTitle "CBM 187"]
[Source "ChessBase"]
[SourceDate "2018.12.11"]
[SourceVersion "1"]
[SourceVersionDate "2018.12.11"]
[SourceQuality "1"]
[WhiteTeam "Guyana"]
[BlackTeam "Ethiopia"]
[WhiteTeamCountry "GUY"]
[BlackTeamCountry "ETH"]

1. e4 e5 2. Nf3 Nc6 3. Bc4 Nd4 4. 0-0 Nxf3+ 5. Qxf3 Nf6 6. d3 d6 7. h3 Be7 8. Nc3 c6 9. Bd2 a5 10. a4 0-0 11. Qe2 Be6 12. f4 Bxc4 13. dxc4 Nd7 14. f5 Nc5 15. Kh1 Bg5 16. Rad1 Be7 17. Qg4 f6 18. Be3 Na6 19. Ne2 Qc7 20. Ng3 Rf7 21. c3 Rb8 22. h4 b5 23. cxb5 cxb5 24. axb5 Rxb5 25. Bc1 Qc4 26. h5 Nc5 27. Rf2 d5 28. Re2 Nd3 29. Red2 Nxc1 30. Rxc1 Bf8 31. Qf3 Rfb7 32. Rcc2 Bc5 33. Rxd5 Rxb2 34. Rxb2 Rxb2 35. h6 Rb7 36. Nh5 Bf8 37. Rd8 Kf7 38. Nxg7 Qc6 39. Qh5+ Ke7 40. Re8+ Kd6 41. Re6+ Kc7 42. Rxc6+ Kxc6 43. Qe8+ Kb6 44. Qxf8 Kb5 45. Qe8+ Ka6 46. Ne6 Kb6 47. c4 Ra7 48. Qb5# 1-0

[Event "Olympiad-43"]
[Site "Batumi"]
[Date "2018.09.24"]
[Round "1.47"]
[White "Nasanjargal, Urtnasan"]
[Black "Abera, Aydagnuhem Gezachew"]
[Result "1-0"]
[WhiteElo "2470"]
[BlackElo "2116"]
[PlyCount "81"]
[EventDate "2018.09.24"]
[EventType "team-swiss"]
[EventRounds "11"]
[EventCountry "GEO"]
[SourceTitle "CBM 187"]
[Source "ChessBase"]
[SourceDate "2018.12.11"]
[SourceVersion "1"]
[SourceVersionDate "2018.12.11"]
[SourceQuality "1"]
[WhiteTeam "Mongolia"]
[BlackTeam "Ethiopia"]
[WhiteTeamCountry "MGL"]
[BlackTeamCountry "ETH"]

1. d4 Nf6 2. c4 g6 3. Nc3 Bg7 4. Nf3 0-0 5. g3 d5 6. cxd5 Nxd5 7. Bg2 Nb6 8. 0-0 Nc6 9. e3 Be6 10. b3 Qc8 11. Bb2 Bh3 12. Qe2 Bxg2 13. Kxg2 Rd8 14. Rfd1 Qf5 15. Rac1 Rd7 16. d5 Ne5 17. Nxe5 Bxe5 18. f4 Bxc3 19. e4 Bxb2 20. exf5 Bxc1 21. Rxc1 Nxd5 22. fxg6 hxg6 23. Qe5 Rad8 24. h4 Nf6 25. Rxc7 Rd2+ 26. Kh3 Rh2+ 27. Kxh2 Ng4+ 28. Kh3 Nxe5 29. fxe5 Kf8 30. Rxb7 a5 31. a4 f5 32. exf6 exf6 33. Rb5 Rd3 34. Rxa5 Rxb3 35. Ra7 f5 36. Kg2 Ra3 37. a5 Ke8 38. a6 Kf8 39. Kf2 Kg8 40. Ke2 Rxg3 41. Rb7 1-0